Estadísticas para Historia de España en el siglo XXI

Haz click aquí para intentar la prueba.

Estadísticas generales

  • Esta prueba ha sido intentada 57 veces
  • La puntuación promedio es 16 de 23

Estadísticas de respuestas

PistaRespuesta% Correcto
Esta moneda deja de circular y se sustituye por el euroPeseta
100%
Este futbolista marca el gol de la victoria en la final de la Copa del Mundo celebrada en SudáfricaAndrés Iniesta
92%
El parlamento de esta comunidad autónoma aprueba una declaración unilateral de independenciaCataluña
92%
Este acontecimiento de escala mundial lleva al gobierno de España a decretar el estado de alarmaPandemia de COVID-19
92%
Esta organización terrorista anuncia su disolución tras sesenta años de existenciaETA
90%
En esta estación de tren se producen varias de las explosiones del atentado terrorista del 11 de marzoEstación de Atocha
88%
Este político es elegido presidente del gobierno por segunda vezMariano Rajoy
88%
El rey Juan Carlos I se rompe la cadera en Botsuana mientras participa en una cacería de estos animalesElefantes
84%
Esta cantante española se convierte en la primera mujer en ganar dos premios Grammy Latino al mejor álbumRosalía
84%
Este monarca es proclamado rey de España ante las Cortes GeneralesFelipe VI
82%
Este director de cine es el primer español en ganar dos Globos de OroPedro Almodóvar
82%
La entrada masiva de miles de personas en esta ciudad abre una crisis fronteriza entre España y MarruecosCeuta
80%
Los restos de Francisco Franco se exhuman de este mausoleoValle de los Caídos
80%
La crisis económica alcanza su pico: un 26,94% de la población activa se encuentra en este estadoDesempleo
74%
Este ciclista madrileño gana su primer Tour de FranciaAlberto Contador
62%
España participa en la invasión estadounidense de este país de Asia meridionalAfganistán
60%
España se convierte en el tercer país del mundo en legalizar este tipo de unión conyugalMatrimonio homosexual
58%
Esta ciudad acoge la Exposición Universal de 2008Zaragoza
56%
Un convoy de metro descarrila en esta ciudad y mata a 41 personasValencia
54%
El buque pesquero vasco Alakrana es secuestrado por piratas de este país africanoSomalia
50%
La selección femenina de fútbol se proclama campeona del mundo en este paísAustralia
48%
Durante el mes de mayo, centenares de personas acampan en esta plaza de Madrid y dan inicio al movimiento de los indignadosPuerta del Sol
36%
El copiloto de un vuelo que realizaba el trayecto entre Barcelona y esta ciudad alemana estrella el avión a propósito en los AlpesDüsseldorf
14%

Distribución de puntuación

Porcentaje por número respondido

Porcentaje de gente con cada puntuación

Historial de tus puntuaciones

No has intentado esta prueba.